000 01200nam2a22002651 4500
001 rc\4732408
005 20250611140703.0
035 _a(NLR Aleph) 008219928
090 _a8149672
_c8149672
100 _a20130416d1961 |||y0rusy50 ca
101 0 _arus
102 _aRU
105 _aa z |||||
200 0 _aЧ. 1
_f[Сост. проф. С.В. Захаров, Т.М. Лобова, М.П. Саляева]
210 _d1961
_aБ. м.
215 _a72 с.
_cил.
461 0 _1001rc\4732407
_12001#$aПрактикум по биохимии$e[В 2 ч.]$eЧ. 1-$fМ-во здравоохранения РСФСР. Яросл. мед. ин-т. Кафедра биол. химии$vЧ. 1
_98149671
_c[Ярославль]
_d1961
_fМ-во здравоохранения РСФСР. Яросл. мед. ин-т. Кафедра биол. химии
_nБ. и.
_o[В 2 ч.] : Ч. 1-
_tПрактикум по биохимии
_vЧ. 1
702 1 _aЛобова
_bТ.М.
_4220
702 1 _aСаляева
_bМ.П.
_4220
702 1 _aЗахаров
_bС.В.
_gСемен Васильевич
_4220
801 0 _aRU
_bNLR
_gpsbo
801 1 _aRU
_bELAR
_2rusmarc
852 _aNLR
_j61-4/13024
942 _cBOOK
980 _aNB